| 000 | 00626cam a2200205 a 4500 | ||
|---|---|---|---|
| 001 | 000007276 | ||
| 005 | 20200929154122.0 | ||
| 008 | 000724s2000 sp a 001 0 spa | ||
| 020 | _a8420700223 | ||
| 040 |
_aDO-SdBNP _cDLC _dDLC |
||
| 082 |
_a809.93355 _bS586v |
||
| 100 | 1 |
_aSilva, Lorenzo, _d1966- _920190 |
|
| 245 | 1 | 0 |
_aViajes escritos y escritos viajeros / _cLorenzo Silva. |
| 260 |
_aMadrid : _bGrupo Anaya, _c2000. |
||
| 300 |
_a117 p. : _bil. ; _c21 cm. |
||
| 490 | 1 | _aPunto de referenciAnaya | |
| 650 | 4 |
_aRelatos de viajes _96949 |
|
| 830 | 0 |
_aPunto de referenciAnaya _920191 |
|
| 910 | _aCatalogación por copia / LC | ||
| 999 |
_c7057 _d7057 |
||